| 000 | 00733cam a2200253 4500 | ||
|---|---|---|---|
| 001 | D16338 | ||
| 008 | 1968 | ||
| 035 | _a(Sirsi) u28656 | ||
| 041 | _aeng | ||
| 050 | _a333.0062 | ||
| 090 | _aRICS 1968/21ABC | ||
| 110 |
_aRoyal Institution of Chartered Surveyors _94900 |
||
| 245 | _aUnification of the three chartered societies of the land | ||
| 260 |
_a[London] _bRICS _c1968 |
||
| 300 |
_a37 p. _c30 cm. |
||
| 350 | _a0 | ||
| 520 | _aFiled in box 1968/21 AB | ||
| 651 | 4 |
_aGreat Britain _y1707- |
|
| 690 | _aBusiness and management | ||
| 710 | 1 | _aChartered Land Agents' Society | |
| 710 | 1 | _aChartered Auctioneers' and Estate Agents' Institute | |
| 942 | _n0 | ||
| 948 | _c04/03/1997 | ||
| 999 |
_c89318 _d89318 |
||